000 00503cab a2200193 4500
001 ABS44774
008 090401t1991 xxu||||| |||| 00| 0 eng d
035 _a(Sirsi) u49005
041 _aeng
100 _aRoberts, P.
245 _aVAT and service charges
260 _c1991
350 _a0
490 _aVoluntary Housing
_vMay/June 1991, 18(1)
520 _aReports on how VAT on service charges is affecting housing associations .
690 _aTAXATION
942 _n0
948 _c04/03/1997
999 _c30719
_d30719